01616nam a2200373 a 4500001001000000003000500010005001700015008004100032010001100073011001100084040000900095090001000104100004400114245018200158260004100340500006000381502006900441590004000510590004000550590004000590650004300630650004500673650004800718650002700766650003700793650003400830856007000864901000700934942001000941942000600951999001900957952013100976952013501107000113536CHAP20220329144400.0170801s2017 mx a fsm |||||||spa d a109997 a110969 cCHAP aTesis1 aReyes Morales, Yesenia Carolina913291410aEfecto de factores abióticos sobre la incidencia de Dendroctonus mexicanus en Pinus spp. en las Cruces, Estado de México /h[En línea]cpor Yesenia Carolina Reyes Morales. aChapingo, Méx. :bEl autor,c2017. aPara ver el contenido del material haga clic en la liga aTesis (Ing. Forestal) -- UACH. División de Ciencias Forestales aE8697GMMb05c20170801lUCH01h0944 aE8697GMMb05c20170801lUCH01h1010 aE8697GMMb05c20170801lUCH01h114314aÁrbolesxDaños por el fuego.9658814aDendroctonus mexicanusxControl.912948614aDendroctonusxHábitos y conducta.913287514aPinusxPlagas.913291614aSuelosxContaminación.911032714aSuelosxEvaluación.9110364 aFinding aiduhttp://10.13.5.2/tesis/sist113536.pdfzTeclea aquí aBK cTESIS n0 c109997d109997 00104054718TESISaBCbBCd2017-08-01fTESISl0oTesisp113537-10r2019-12-31 00:00:00w2019-12-31yTESISzRecien adquirido 00102local4053708TESISaBCbBCcPA_TESISd2017-08-01fTESISl0oTesisp113537-20r2019-12-31 00:00:00tc.2w2019-12-31yTESIS